| Tag |
First Indicator |
Second Indicator |
Subfields |
| LEADER |
00000cam a22000001i 4500 |
| 001 |
in00003962467 |
| 006 |
m d f |
| 007 |
cr bn mmmapmmp |
| 008 |
441025s1944 dcu o f000 0 eng d |
| 005 |
20250210234140.2 |
| 035 |
|
|
|a ebd1943002773
|
| 040 |
|
|
|a UMI
|c UMI
|e rda
|d UtOrBLW
|
| 086 |
0 |
|
|a Pr 32.4820:2/27
|
| 099 |
|
|
|a Pr32.4820..2_27
|
| 110 |
1 |
|
|a United States.
|b War Production Board.
|0 http://id.loc.gov/authorities/names/n50060401
|
| 245 |
1 |
0 |
|a Labor-management news, official weekly publication of War Production Drive, May 20, 1944.
|
| 264 |
|
1 |
|a [Washington] :
|b [s.n.],
|c 1944.
|
| 300 |
|
|
|a 1 online resource (8 pages), digital, PDF file
|
| 336 |
|
|
|a text
|b txt
|2 rdacontent
|
| 337 |
|
|
|a computer
|b c
|2 rdamedia
|
| 338 |
|
|
|a online resource
|b cr
|2 rdacarrier
|
| 533 |
|
|
|a Electronic reproduction.
|b [Bethesda, Md.] :
|c ProQuest,
|d 2016
|e digital, PDF file.
|n ProQuest U.S. Executive Branch Documents
|n Mode of access: World Wide Web via ProQuest website.
|
| 588 |
|
|
|a Record is based on online resource; title from PDF title page (ProQuest, last viewed Nov. 2016). Reuse except for individual research requires license from ProQuest, LLC.
|
| 650 |
|
0 |
|a Personnel management.
|0 http://id.loc.gov/authorities/subjects/sh85100143
|
| 650 |
|
0 |
|a Industrial efficiency.
|0 http://id.loc.gov/authorities/subjects/sh85041196
|
| 856 |
4 |
0 |
|u http://proxy.library.tamu.edu/login?url=http://congressional.proquest.com/congressional/docview/t66.d71.pr32.4820..2_27?
|y Electronic resource (PDF)
|t 0
|
| 999 |
f |
f |
|s 72b9904e-f928-3200-8fbb-b750fc727681
|i 8a0be421-c982-3526-a6ed-927f28461acd
|t 0
|
| 952 |
f |
f |
|a Texas A&M University
|b College Station
|c Electronic Resources
|d Available Online
|t 0
|h No information provided
|
| 998 |
f |
f |
|t 0
|l Available Online
|